<?xml version="1.0" encoding="UTF-8"?>
<record
    xmlns:xsi="http://www.w3.org/2001/XMLSchema-instance"
    xsi:schemaLocation="http://www.loc.gov/MARC21/slim http://www.loc.gov/standards/marcxml/schema/MARC21slim.xsd"
    xmlns="http://www.loc.gov/MARC21/slim">

  <leader>02002nam a22001697a 4500</leader>
  <controlfield tag="003">SGT</controlfield>
  <datafield tag="020" ind1=" " ind2=" ">
    <subfield code="a">9780070080485</subfield>
  </datafield>
  <datafield tag="082" ind1=" " ind2=" ">
    <subfield code="a">332.0954,BHO</subfield>
  </datafield>
  <datafield tag="100" ind1=" " ind2=" ">
    <subfield code="a">BHOLE,LM</subfield>
  </datafield>
  <datafield tag="245" ind1=" " ind2=" ">
    <subfield code="a">FINANCIAL INSTITUTIONS AND MARKETS: STRUCTURE, GROWTH AND INNOVATIONS</subfield>
  </datafield>
  <datafield tag="250" ind1=" " ind2=" ">
    <subfield code="a">5th</subfield>
  </datafield>
  <datafield tag="260" ind1=" " ind2=" ">
    <subfield code="a">NEW DELHI</subfield>
    <subfield code="b">TMH</subfield>
    <subfield code="c">2015</subfield>
  </datafield>
  <datafield tag="300" ind1=" " ind2=" ">
    <subfield code="a">999</subfield>
  </datafield>
  <datafield tag="650" ind1=" " ind2=" ">
    <subfield code="a">FINANCIAL ECONOMICS</subfield>
  </datafield>
  <datafield tag="653" ind1=" " ind2=" ">
    <subfield code="a">PART 1: AN OVERVIEW   Chapter 1.	The Nature and Role of Financial System Chapter 2.	An Introduction to Security Analysis Chapter 3.	The Indian Financial System on the Eve of Planning Chapter 4.	An Overview of the Indian Financial System in the Post-1950 Period Chapter 5.	Financial Sector Reforms  PART 2: REGULATORY AND PROMOTIONAL INSTITUTIONS  Chapter 6.	The Reserve Bank of India Chapter 7.	The Securities and Exchange Board of India  PART 3: BANKING INSTITUTIONS  Chapter 8.	Commercial Banks Chapter 9.	Co-operative Banks  PART 4: NON-BANK FINANCIAL INTERMEDIARIES NAD STATUTORY FINANCIAL ORGANISATIONS  Chapter 10.	Small Saving, Provident Funds, and Pension Funds Chapter 11.	Insurance Companies Chapter 12.	Unit Trust of India and Mutual Funds Chapter 13.	Miscellaneous Non-Bank Financial Intermediaries Chapter 14.	Public Deposits with Non-Banking Companies Chapter 15.	Non-Bank Statutory Financial Organisations  PART 5: MARKETS  Chapter 16.	Call Money Market Chapter 17.	Treasury Bills Market Chapter 18.	Commercial Bills Market Chapter 19.	Markets for Commercial Paper and Certificate of Deposits Chapter 20.	The Discount Market Chapter 21.	Market for Financial Guarantees Chapter 22.	Government (Gilt-edged) Securities Market Chapter 23.	Industrial Securities Market Chapter 24. Markets for Futures, Options, and Other Financial Derivatives  PART 6: INTERNATIONAL DIMENSIONS OF FINANCIAL MARKETS  Chapter 25.	Foreign Exchange Market Chapter 26.	Foreign Capital Flows  PART 7: INTEREST RATES  Chapter 27.	Theories of the Level and Structure of Interest Rates Chapter 28.	Interest Rates in India</subfield>
  </datafield>
  <datafield tag="942" ind1=" " ind2=" ">
    <subfield code="2">ddc</subfield>
    <subfield code="c">FCM</subfield>
    <subfield code="0">1</subfield>
  </datafield>
  <datafield tag="952" ind1=" " ind2=" ">
    <subfield code="0">0</subfield>
    <subfield code="1">0</subfield>
    <subfield code="2">ddc</subfield>
    <subfield code="4">0</subfield>
    <subfield code="7">0</subfield>
    <subfield code="8">CM</subfield>
    <subfield code="a">SSSL</subfield>
    <subfield code="b">SSSL</subfield>
    <subfield code="c">DISPLAY</subfield>
    <subfield code="d">2016-06-15</subfield>
    <subfield code="e">KIRTI PRAKASHAN</subfield>
    <subfield code="g">650.00</subfield>
    <subfield code="i">SGTU</subfield>
    <subfield code="l">4</subfield>
    <subfield code="o">332.0954,BHO</subfield>
    <subfield code="p">CM764</subfield>
    <subfield code="r">2023-09-27 00:00:00</subfield>
    <subfield code="s">2023-09-14</subfield>
    <subfield code="w">2015-08-14</subfield>
    <subfield code="y">FCM</subfield>
    <subfield code="k">2705</subfield>
  </datafield>
  <datafield tag="952" ind1=" " ind2=" ">
    <subfield code="0">0</subfield>
    <subfield code="1">0</subfield>
    <subfield code="2">ddc</subfield>
    <subfield code="4">0</subfield>
    <subfield code="7">0</subfield>
    <subfield code="8">CM</subfield>
    <subfield code="a">SSSL</subfield>
    <subfield code="b">SSSL</subfield>
    <subfield code="c">DISPLAY</subfield>
    <subfield code="d">2016-06-15</subfield>
    <subfield code="e">KIRTI PRAKASHAN</subfield>
    <subfield code="g">650.00</subfield>
    <subfield code="i">SGTU</subfield>
    <subfield code="l">6</subfield>
    <subfield code="o">332.0954,BHO</subfield>
    <subfield code="p">CM765</subfield>
    <subfield code="r">2019-12-12 00:00:00</subfield>
    <subfield code="s">2019-12-07</subfield>
    <subfield code="w">2015-08-14</subfield>
    <subfield code="y">FCM</subfield>
    <subfield code="k">2705</subfield>
  </datafield>
  <datafield tag="952" ind1=" " ind2=" ">
    <subfield code="0">0</subfield>
    <subfield code="1">0</subfield>
    <subfield code="2">ddc</subfield>
    <subfield code="4">0</subfield>
    <subfield code="7">0</subfield>
    <subfield code="8">CM</subfield>
    <subfield code="a">SSSL</subfield>
    <subfield code="b">SSSL</subfield>
    <subfield code="c">DISPLAY</subfield>
    <subfield code="d">2016-06-15</subfield>
    <subfield code="e">KIRTI PRAKASHAN</subfield>
    <subfield code="g">650.00</subfield>
    <subfield code="i">SGTU</subfield>
    <subfield code="l">5</subfield>
    <subfield code="o">332.0954,BHO</subfield>
    <subfield code="p">CM766</subfield>
    <subfield code="r">2025-09-15 00:00:00</subfield>
    <subfield code="s">2025-08-30</subfield>
    <subfield code="w">2015-08-14</subfield>
    <subfield code="y">FCM</subfield>
    <subfield code="k">2705</subfield>
  </datafield>
  <datafield tag="999" ind1=" " ind2=" ">
    <subfield code="c">9048</subfield>
    <subfield code="d">9048</subfield>
  </datafield>
</record>
